Relazione statistica dei lavori compiuti nel distretto della Corte d'Appello di Bologna nell'anno 1878 : (Record no. 179300)

MARC details
000 -LEADER
campo de control de longitud fija 00687nam a2200157 i 4500
001 - NÚMERO DE CONTROL
campo de control 179300
003 - IDENTIFICADOR DE NÚMERO DE CONTROL
campo de control ES-MaACL
005 - FECHA Y HORA DE LA ÚLTIMA TRANSACCIÓN
campo de control 20230906220737.0
008 - DATOS DE LONGITUD FIJA--INFORMACIÓN GENERAL
campo de control de longitud fija 111025s1879 it |||| | ita d
100 1# - ENTRADA PRINCIPAL--NOMBRE DE PERSONA
Nombre de persona De Foresta, Adolfo.
9 (RLIN) 51730
245 10 - MENCIÓN DEL TÍTULO
Título Relazione statistica dei lavori compiuti nel distretto della Corte d'Appello di Bologna nell'anno 1878 :
Resto del título esposta all'assemblea generale del 7 gennaio 1879 /
Mención de responsabilidad, etc. da Adolfo De Foresta.
260 ## - PUBLICACIÓN, DISTRIBUCIÓN, ETC.
Lugar de publicación, distribución, etc. Bologna :
Nombre del editor, distribuidor, etc. [s.n.],
Fecha de publicación, distribución, etc. 1879 (
Fabricante Soc. tip. dei Compositori)
300 ## - DESCRIPCIÓN FÍSICA
Extensión 63 p. ;
Dimensiones 25 cm.
650 #4 - PUNTO DE ACCESO ADICIONAL DE MATERIA--TÉRMINO DE MATERIA
Término de materia o nombre geográfico como elemento de entrada Administración de justicia-
Subdivisión geográfica Italia.
9 (RLIN) 148395
852 4# - LOCALIZACIÓN
Ubicación ES-MaACL
Número de control de estantería D-89(6)
Nota libre - Donativo Lastres
-- - Ded. ms. del autor a Lastres
Holdings
Estatus retirado Estado de pérdida Estado de daño No para préstamo Colección Biblioteca de origen Biblioteca actual Ubicación en estantería Fecha de adquisición Fuente de adquisición Total de préstamos Signatura topográfica completa Código de barras Visto por última vez Precio de reemplazo Tipo de ítem Koha
        Libros del s. XIX Biblioteca del Ateneo de Madrid Biblioteca del Ateneo de Madrid Sala Valle Inclán 25/10/2011     D-89(6) 901188357 23/02/2023 23/02/2023 Libro impreso antiguo